Statistics for Rome City Trivia

Click here to take the quiz!

General Stats

  • This quiz has been taken 5,810 times
  • The average score is 14 of 20

Answer Stats

Question Answer % Correct
Italian name of RomeRoma
99%
Independent country completely surrounded by RomeVatican City
97%
Ancient gladiatoral arena that is one of Rome's most popular tourist sitesColosseum
91%
Nickname of RomeThe {Eternal} City
86%
Legendary founder and first king of RomeRomulus
85%
Person who led the 1922 March on Rome, and was declared Prime Minister
of Italy soon thereafter
Benito Mussolini
83%
More common name for the Bishop of RomeThe Pope
82%
Famous fountain that people throw coins intoTrevi Fountain
77%
Artist who Rome's airport is named forLeonardo da Vinci
73%
In Rome, the 1950s and 1960s were often called "La Dolce Vita". What does
this mean in English?
The Sweet Life
73%
Term for the underground burial places under the cityCatacombs
73%
River flowing through RomeTiber
73%
Domed temple completed in 126 AD that still stands todayThe Pantheon
66%
Set of 174 stairs which ascends from the Piazza di Spagna{Spanish} Steps
60%
Name one of the two main stars of the 1953 film "Roman Holiday"Gregory Peck | Audrey Hepburn
53%
Rome's only sister cityParis
49%
Central marketplace of the ancient cityRoman Forum
46%
Name one of the seven hills on which Rome is locatedAventine | Caelian |
Capitoline | Esquiline | Palatine |
Quirinal | Viminal
44%
Director of films such as "La Strada" and "8½"Federico Fellini
40%
Region of Italy in which Rome is locatedLazio (Latium)
40%

Score Distribution

Percentile by Number Answered

Percent of People with Each Score

Your Score History

You have not taken this quiz